Soso Maness ft. PLK - Petrouchka - Statistiques

Statistiques générales
  • Ce quiz a été pris 220 fois
  • Le résultat moyen est 261 sur 415
Statistiques - réponses
Réponse % Correct
A
99%
a
99%
à
99%
c'
98%
d'
98%
Dans
98%
dans
98%
l'
98%
la
98%
zone
96%
ça
95%
Ca
95%
t'
92%
crie
89%
j'
87%
J'
87%
m'
87%
Petrouchka
87%
drogue
86%
fait
86%
suis
85%
ma
84%
le
83%
vend
83%
vodka
83%
es
82%
sous
82%
Et
80%
et
80%
gadji
80%
de
79%
on
79%
est
78%
des
72%
hall
71%
AK
70%
RS3
70%
un
68%
elle
67%
Sac
67%
Chanel
66%
TP
66%
qu'
64%
cagoules
63%
donne
63%
go
63%
teh
63%
pi
62%
quatre
60%
traceur
60%
sur
57%
charge
54%
comme
54%
frappe
54%
boulettes
50%
cheval
50%
normal
50%
Pas
49%
pas
49%
sers
49%
nu
48%
Cannebière
47%
cratères
47%
torse
47%
akha
46%
mon
46%
tu
46%
Poutine
45%
au
44%
va
44%
Vlad
44%
en
43%
En
43%
les
43%
ci
42%
Fume
42%
même
42%
deux
40%
Narnia
40%
pétou
40%
monde
39%
cité
38%
hommes
38%
vécu
38%
arrive
37%
fais
37%
retrouves
37%
trois
37%
ai
36%
y
35%
Ibiza
34%
sécu
34%
Bastos
33%
Tony
33%
barres
31%
cabesa
31%
coca
31%
fusillade
30%
kilos
30%
si
30%
roule
27%
éteint
25%
trop
25%
TT
25%
Twitter
25%
valisas
25%
25%
bête
24%
bolchoï
24%
bouteilles
24%
pécule
24%
péter
24%
peuf
24%
Spasiba
24%
Didier
23%
armé
22%
cramé
22%
Deschamps
22%
Soso
22%
Tiktok
22%
cas
21%
dasvidania
21%
Visa
21%
brilles
20%
deter
20%
temps
20%
souris
18%
cent
17%
du
17%
hein
17%
mille
17%
Polak
17%
encaisse
16%
oui
16%
Pequ
16%
danse
15%
jogging
15%
khabat
15%
Ouais
15%
bébé
14%
défense
14%
peux
14%
attaque
12%
poussette
12%
PP
12%
p'tit
11%
ptit
11%
rapper
11%
tout
11%
traîne
11%
débile
9%
grand
9%
jeter
9%
jouer
9%
méchant
9%
Phuket
9%
soc'
9%
vais
9%
évier
8%
ter-chan
8%
avance
7%
litres
7%
tape
7%
mets
6%
chrome
5%
pardi
4%
Aucun quiz correspondant
Distribution des résultats
% des personnes avec chaque résultat
Percentile par nombre de réponses
Votre historique - résultats
Vous n’avez pas pris ce quiz